书目信息 |
| 题名: |
雨娘子
|
|
| 作者: | 周静 著 | |
| 分册: | ||
| 出版信息: | 长沙 湖南少年儿童出版社 2021.11 |
|
| 页数: | 103页 | |
| 开本: | 21cm | |
| 丛书名: | 周静原创童话丛书 | |
| 单 册: | ||
| 中图分类: | I287.7 | |
| 科图分类: | ||
| 主题词: | 童话--tong hua--中国--当代 | |
| 电子资源: | ||
| ISBN: | 978-7-5562-5585-6 | |
| 000 | 00979nam 2200265 450 | |
| 001 | 28377 | |
| 005 | 20221008201000.73 | |
| 010 | @a978-7-5562-5585-6@dCNY30.00 | |
| 100 | @a20220209d2021 cemy0chiy50 ea | |
| 101 | 0 | @achi |
| 102 | @aCN@b430000 | |
| 105 | @aa z 000fy | |
| 200 | 1 | @a雨娘子@Ayu niang zi@f周静著 |
| 210 | @a长沙@c湖南少年儿童出版社@d2021.11 | |
| 215 | @a103页@c彩图@d21cm | |
| 225 | 2 | @a周静原创童话丛书@Azhou jing yuan chuang tong hua cong shu |
| 314 | @a周静, 一级作家, 中国作家协会会员, 《小学生导刊》编辑。 | |
| 330 | @a雨来得很急。黄昏时分, 从西边刮来一阵风, 紧接着天色就暗淡下来, 黑沉沉的一片。没两分钟, 雨就噼噼啪啪砸了下来。三舅公站在路边的大树下, 歇歇脚, 躲躲雨。雨没有丝毫减弱的迹象, 天色却越来越晚了…… | |
| 410 | 0 | @12001 @a周静原创童话丛书 |
| 606 | 0 | @a童话@Atong hua@y中国@z当代 |
| 690 | @aI287.7@v5 | |
| 701 | 0 | @a周静@Azhou jing@4著 |
| 801 | 0 | @aCN@c20220910 |
| 803 | @a青少年 | |
| 905 | @a河南城建学院图书馆@dI287.7@eZ772-4@f2 | |
| 雨娘子/周静著.-长沙:湖南少年儿童出版社,2021.11 |
| 103页:彩图;21cm.-(周静原创童话丛书) |
| ISBN 978-7-5562-5585-6:CNY30.00 |
| 雨来得很急。黄昏时分, 从西边刮来一阵风, 紧接着天色就暗淡下来, 黑沉沉的一片。没两分钟, 雨就噼噼啪啪砸了下来。三舅公站在路边的大树下, 歇歇脚, 躲躲雨。雨没有丝毫减弱的迹象, 天色却越来越晚了…… |
| ● |
| 相关链接 |
|
|
|
正题名:雨娘子
索取号:I287.7/Z772-4
 
预约/预借
| 序号 | 登录号 | 条形码 | 馆藏地/架位号 | 状态 | 备注 |
| 1 | 1581341 | 215813412 | 文学库116/116文学库 13排4列1层/ [索取号:I287.7/Z772-4] | 在馆 | |
| 2 | 1581342 | 215813421 | 文学库116/116文学库 13排4列1层/ [索取号:I287.7/Z772-4] | 在馆 |